Cost Price

Bibliographic Details
Main Author: Yates, Dornford
Format: Book
Published: London : J.M. Dent & Sons Ltd , 1986
Subjects:

MARC

LEADER 00000cam a2200000 7i4500
001 0000008132
002 000008872
005 20000330.0
020 |a 0460024795 
090 0 0 |a F   |b YAT 
100 1 |a Yates, Dornford 
245 1 0 |a Cost Price   |c Dornford Yates 
260 |a London :   |b J.M. Dent & Sons Ltd ,   |c 1986 
300 |a 286p. ;   |c 20cm. 
650 0 0 |a Thriller fiction 
999 |a 023262   |b BUKU   |c PINJAMAN   |e PERPUSTAKAAN KOMUNITI PETALING JAYA